000 01358nam a2200241Ia 4500
999 _c52400
_d52400
001 19420
003 GE_BSU
005 20200309132831.0
008 181216s1952||||ge |||||||||||||| ||geo||
040 _cGE_BSU
041 _ageo
080 _a81'(063) ი-31
245 _aიბერიულ-კავკასიური ენათმეცნიერება III = иберийско-кавказкое языкознание = IVERO-CAUCASIA :
_bზოგადი ენათმეცნიერების საკითხები ი .ბ. სტალინის საენათმეცნიერო შრომათა შუქზე /
_cრედ. არნ. ჩიქობავა.
250 _aენათმეცნიერების ინ-ტი
264 _aთბილისი :
_bსაქრთველოს სსრ მეცნიერებათა აკადემიის გამომცემლობა,
_c1952.
300 _a536 გვ. ;
_c24 სმ.
541 _h3ლ.68თ.
653 _aენათმეცნიერება
653 _aზოგადი ენათმეცნიერების საკითხები
653 _aქართული ენა
700 _aრედ. არნ. ჩიქობავა
_97701
942 _cBK
_2udc